[Event "Avoine op 18th"]
[Site "Avoine"]
[Date "2003.07.20"]
[Round "2"]
[White "Laurent, Bruno"]
[Black "Bourquin, Pascal"]
[Result "1-0"]
[WhiteElo "2374"]
[BlackElo "2203"]
[PlyCount "41"]
[EventDate "2003.07.19"]
[EventType "swiss"]
[EventRounds "9"]
[EventCountry "FRA"]
[SourceTitle "CBM 095 Extra"]
[Source "ChessBase"]
[SourceDate "2003.09.04"]
[SourceVersion "1"]
[SourceVersionDate "2003.09.04"]
[SourceQuality "1"]

1. e4 c5 2. Nf3 d6 3. c3 Nf6 4. Be2 Nbd7 5. d3 g6 6. 0-0 Bg7 7. Nbd2 0-0 8. d4 cxd4 9. cxd4 d5 10. e5 Ne8 11. Re1 Nc7 12. Nb1 Nb8 13. Nc3 Nc6 14. Be3 h6 15. a3 Be6 16. b4 Qd7 17. Rc1 Rac8 18. Qa4 a6 19. Red1 Ra8 20. Qc2 b5 21. Nb1 1-0

[Event "IECG WC.2005.S.00013 email"]
[Site "IECG email"]
[Date "2003.05.20"]
[Round "?"]
[White "Koch, Christian"]
[Black "Bourquin, Pascal"]
[Result "1/2-1/2"]
[WhiteElo "2236"]
[BlackElo "2334"]
[PlyCount "84"]
[EventDate "2003.05.19"]
[EventType "tourn (corr)"]
[EventRounds "10"]
[SourceTitle "Corr 2008"]
[Source "ChessBase"]
[SourceDate "2008.06.24"]
[SourceVersion "1"]
[SourceVersionDate "2008.06.24"]
[SourceQuality "1"]

1. e4 c5 2. Nf3 Nc6 3. d4 cxd4 4. Nxd4 Nf6 5. Nc3 d6 6. Bc4 Qb6 7. Nde2 e6 8. Kf1 Be7 9. Qd3 a6 10. Qg3 0-0 11. Bb3 Ne5 12. Kg1 Qc7 13. a3 Kh8 14. Be3 Nc4 15. Bxc4 Qxc4 16. Bg5 Nxe4 17. Nxe4 f6 18. N2c3 fxg5 19. Nxd6 Qc6 20. Rd1 Rf4 21. h4 Bxd6 22. hxg5 Kg8 23. Ne2 Qxc2 24. Rxd6 Rf8 25. Qd3 Qxd3 26. Rxd3 e5 27. Re3 Re8 28. f4 Bf5 29. Ng3 Bd7 30. fxe5 Re6 31. Kh2 Rae8 32. Rd1 Bc6 33. Rde1 Rg6 34. e6 Rxg5 35. R1e2 Re7 36. Rf2 g6 37. Ne2 Rd5 38. Nf4 Rd6 39. Re5 Kg7 40. g4 h6 41. g5 h5 42. Re1 Ba4 1/2-1/2

[Event "IECG TE.2002.P.01108 email"]
[Site "IECG email"]
[Date "2002.12.30"]
[Round "?"]
[White "Bernal Varela, Nelson"]
[Black "Bourquin, Pascal"]
[Result "0-1"]
[WhiteElo "1989"]
[BlackElo "2352"]
[PlyCount "82"]
[EventDate "2002.12.30"]
[EventType "tourn (corr)"]
[EventRounds "12"]
[SourceTitle "Corr 2008"]
[Source "ChessBase"]
[SourceDate "2008.06.24"]
[SourceVersion "1"]
[SourceVersionDate "2008.06.24"]
[SourceQuality "1"]

1. d4 Nf6 2. c4 c5 3. d5 e6 4. Nc3 exd5 5. cxd5 d6 6. e4 g6 7. Nge2 Bg7 8. f4 0-0 9. g3 b5 10. e5 dxe5 11. fxe5 Ng4 12. Bg2 Bb7 13. 0-0 Qb6 14. Nxb5 Bxe5 15. Na3 c4+ 16. Kh1 Qc5 17. Nf4 Nf2+ 18. Rxf2 Qxf2 19. Nxc4 Bxf4 20. Bxf4 Nd7 21. Be3 Qf6 22. Na5 Ba6 23. Bd4 Qd6 24. Rc1 Rac8 25. Nc6 Rfe8 26. Bxa7 Ne5 27. Bc5 Qd7 28. Nb4 Bc4 29. Be3 Nd3 30. Nxd3 Rxe3 31. Nb4 Bb5 32. Ra1 Rce8 33. Qg1 Re2 34. a4 Bxa4 35. Nd3 Qb5 36. Nf4 Rxb2 37. h3 Rd2 38. Rb1 Qc4 39. Rc1 Qb3 40. Qa7 Ra2 41. Rf1 Qb2 0-1

[Event "IECG TE.2002.P.01108 email"]
[Site "IECG email"]
[Date "2002.12.30"]
[Round "?"]
[White "Bourquin, Pascal"]
[Black "Vidalina, Franjo"]
[Result "0-1"]
[WhiteElo "2352"]
[BlackElo "1797"]
[PlyCount "30"]
[EventDate "2002.12.30"]
[EventType "tourn (corr)"]
[EventRounds "12"]
[SourceTitle "Corr 2008"]
[Source "ChessBase"]
[SourceDate "2008.06.24"]
[SourceVersion "1"]
[SourceVersionDate "2008.06.24"]
[SourceQuality "1"]

1. d4 Nf6 2. c4 c5 3. d5 e6 4. Nc3 exd5 5. cxd5 d6 6. e4 g6 7. Bd3 Bg7 8. Nge2 0-0 9. 0-0 a6 10. a4 Re8 11. h3 Nbd7 12. Ng3 Qc7 13. Be3 b6 14. f4 Bb7 15. Qf3 Nxd5 0-1

[Event "IECG WC.2002.F.00002 email"]
[Site "IECG email"]
[Date "2002.12.15"]
[Round "?"]
[White "Bourquin, Pascal"]
[Black "Perez, Brigiliano"]
[Result "1/2-1/2"]
[WhiteElo "2352"]
[BlackElo "2297"]
[PlyCount "75"]
[EventDate "2002.12.15"]
[EventType "tourn (corr)"]
[EventRounds "10"]
[SourceTitle "Corr 2008"]
[Source "ChessBase"]
[SourceDate "2008.06.24"]
[SourceVersion "1"]
[SourceVersionDate "2008.06.24"]
[SourceQuality "1"]

1. d4 Nf6 2. c4 e6 3. Nc3 d5 4. cxd5 exd5 5. Bg5 c6 6. e3 Be7 7. Bd3 Nbd7 8. Nge2 Nh5 9. Bxe7 Qxe7 10. g4 Nhf6 11. Ng3 Nb6 12. g5 Ng8 13. h4 h6 14. Qf3 Be6 15. 0-0-0 hxg5 16. hxg5 Rxh1 17. Rxh1 Qxg5 18. Rh5 Qf6 19. Qg2 g6 20. Rh7 0-0-0 21. Qh2 Rf8 22. a4 Qd8 23. f3 Nf6 24. Rh4 Rg8 25. Kb1 Nc4 26. Bxc4 dxc4 27. Nge4 Nxe4 28. Nxe4 Bf5 29. Ka2 Bxe4 30. Rxe4 Qf8 31. Qd2 f5 32. Re5 Qf7 33. Qb4 Re8 34. f4 Rxe5 35. dxe5 Qd5 36. Qf8+ Kc7 37. Qe7+ Kc8 38. Qf8+ 1/2-1/2

[Event "IECG WC.2002.F.00002 email"]
[Site "IECG email"]
[Date "2002.12.15"]
[Round "?"]
[White "Mauro, Lucio"]
[Black "Bourquin, Pascal"]
[Result "0-1"]
[WhiteElo "2315"]
[BlackElo "2352"]
[PlyCount "88"]
[EventDate "2002.12.15"]
[EventType "tourn (corr)"]
[EventRounds "10"]
[SourceTitle "Corr 2008"]
[Source "ChessBase"]
[SourceDate "2008.06.24"]
[SourceVersion "1"]
[SourceVersionDate "2008.06.24"]
[SourceQuality "1"]

1. e4 c5 2. Nf3 d6 3. d4 cxd4 4. Nxd4 Nf6 5. Nc3 a6 6. Be3 e5 7. Nb3 Be6 8. f3 Be7 9. Qd2 h5 10. 0-0-0 Nbd7 11. Kb1 Rc8 12. h3 b5 13. Bd3 Nb6 14. g4 Nfd7 15. gxh5 Rxh5 16. Qe2 g6 17. Qg2 Rxc3 18. bxc3 Na4 19. Bd2 Qc8 20. Qg1 Nxc3+ 21. Bxc3 Qxc3 22. Qa7 Qc8 23. Bf1 Rh4 24. Rh2 Rf4 25. h4 Nf6 26. Qe3 Nh5 27. Bg2 Qc7 28. Qf2 Nf6 29. Qe1 d5 30. h5 gxh5 31. Rd3 b4 32. Rh1 a5 33. exd5 Nxd5 34. Rxh5 Nc3+ 35. Rxc3 bxc3 36. Rh8+ Bf8 37. Qe3 a4 38. Qc5 Qxc5 39. Nxc5 Rb4+ 40. Ka1 Rb2 41. Nxe6 fxe6 42. Bf1 Rxc2 43. Bb5+ Kf7 44. Rh1 a3 0-1

[Event "IECG WC.2003.T.00002 email"]
[Site "IECG email"]
[Date "2002.08.04"]
[Round "?"]
[White "Arnold, Jens"]
[Black "Bourquin, Pascal"]
[Result "1-0"]
[WhiteElo "2185"]
[BlackElo "2360"]
[PlyCount "79"]
[EventDate "2002.08.04"]
[EventType "tourn (corr)"]
[EventRounds "10"]
[SourceTitle "Corr 2008"]
[Source "ChessBase"]
[SourceDate "2008.06.24"]
[SourceVersion "1"]
[SourceVersionDate "2008.06.24"]
[SourceQuality "1"]

1. e4 d5 2. Nc3 d4 3. Nce2 e5 4. Ng3 Be6 5. Nf3 f6 6. Bb5+ Nd7 7. d3 g6 8. Nd2 Qe7 9. 0-0 h5 10. f4 h4 11. Ne2 0-0-0 12. Bc4 Bh6 13. Bxe6 Qxe6 14. Nb3 Ne7 15. fxe5 fxe5 16. Bxh6 Rxh6 17. Qd2 g5 18. c3 c5 19. cxd4 cxd4 20. Qa5 Nc6 21. Rac1 h3 22. Qxa7 hxg2 23. Rf5 Qe7 24. Rf2 Qb4 25. Rxg2 Rdh8 26. Ng3 Kd8 27. Qa8+ Kc7 28. Qa5+ Kb8 29. Qd5 Nb6 30. Qf7 R6h7 31. Qg6 Qb5 32. Rd2 g4 33. Qxg4 Nb4 34. Qe6 Nxd3 35. a4 Nxa4 36. Qd6+ Ka8 37. Ra1 Ne1 38. Rxe1 Qxb3 39. Qxe5 Rc8 40. Qxd4 1-0

[Event "IECG WC.2003.T.00002 email"]
[Site "IECG email"]
[Date "2002.08.04"]
[Round "?"]
[White "Silva, Miguel Medina"]
[Black "Bourquin, Pascal"]
[Result "1-0"]
[WhiteElo "2053"]
[BlackElo "2360"]
[PlyCount "49"]
[EventDate "2002.08.04"]
[EventType "tourn (corr)"]
[EventRounds "10"]
[SourceTitle "Corr 2008"]
[Source "ChessBase"]
[SourceDate "2008.06.24"]
[SourceVersion "1"]
[SourceVersionDate "2008.06.24"]
[SourceQuality "1"]

1. e4 d5 2. exd5 Qxd5 3. Nc3 Qa5 4. d4 Nf6 5. Nf3 c6 6. Bc4 Bf5 7. Bd2 e6 8. Qe2 Bb4 9. 0-0-0 Nbd7 10. a3 Bxc3 11. Bxc3 Qc7 12. Ne5 b5 13. Bb3 Be4 14. Rhe1 Bd5 15. Bxd5 Nxd5 16. Bd2 Nxe5 17. dxe5 0-0 18. Qg4 Kh8 19. Qh5 b4 20. Re4 g6 21. Qf3 f5 22. exf6 Rxf6 23. Qg3 Qxg3 24. fxg3 a5 25. c3 1-0

[Event "IECG WC.2004.S.00002 email"]
[Site "IECG email"]
[Date "2002.05.08"]
[Round "?"]
[White "Bourquin, Pascal"]
[Black "Scheuermann, Bernhard"]
[Result "0-1"]
[WhiteElo "2364"]
[BlackElo "2312"]
[PlyCount "68"]
[EventDate "2002.05.08"]
[EventType "tourn (corr)"]
[EventRounds "8"]
[SourceTitle "Corr 2008"]
[Source "ChessBase"]
[SourceDate "2008.06.24"]
[SourceVersion "1"]
[SourceVersionDate "2008.06.24"]
[SourceQuality "1"]

1. c4 Nf6 2. Nc3 e5 3. Nf3 Nc6 4. g3 Bb4 5. Bg2 0-0 6. 0-0 e4 7. Ng5 Bxc3 8. bxc3 Re8 9. f3 e3 10. d3 d5 11. Qb3 Na5 12. Qa3 c6 13. cxd5 cxd5 14. f4 Nc6 15. Rb1 Qc7 16. Bb2 Bg4 17. c4 dxc4 18. Bxf6 gxf6 19. Ne4 Kg7 20. Qc3 Qd8 21. Rxb7 cxd3 22. Qxc6 Rc8 23. Qxf6+ Qxf6 24. Nxf6 Bxe2 25. Nxe8+ Rxe8 26. Ra1 d2 27. Rbb1 Bg4 28. Bf1 e2 29. Bxe2 Rxe2 30. Rf1 Kf6 31. a4 a5 32. Rab1 Bf5 33. Rbd1 Bc2 34. Ra1 Be4 0-1

[Event "IECG WC.2004.S.00002 email"]
[Site "IECG email"]
[Date "2002.05.08"]
[Round "?"]
[White "Pappier, Carlos Guillermo"]
[Black "Bourquin, Pascal"]
[Result "1/2-1/2"]
[WhiteElo "2367"]
[BlackElo "2364"]
[PlyCount "97"]
[EventDate "2002.05.08"]
[EventType "tourn (corr)"]
[EventRounds "8"]
[SourceTitle "Telechess CBM 143"]
[Source "ChessBase"]
[SourceDate "2011.07.15"]
[SourceVersion "1"]
[SourceVersionDate "2011.07.15"]
[SourceQuality "1"]

1. d4 d5 2. c4 e6 3. Nc3 c5 4. cxd5 exd5 5. Nf3 Nc6 6. g3 Nf6 7. Bg2 Be7 8. 0-0 0-0 9. Bg5 c4 10. Ne5 Be6 11. b3 Qa5 12. Nxc6 bxc6 13. Qc2 Rfd8 14. e3 Rac8 15. bxc4 dxc4 16. Ne4 c5 17. dxc5 Rd3 18. Bxf6 gxf6 19. Rfd1 f5 20. Nd6 Rd8 21. Bf1 Bxd6 22. Bxd3 cxd3 23. Rxd3 Be7 24. Rxd8+ Bxd8 25. a4 Bc7 26. Rb1 Qa6 27. c6 Bd5 28. Rb5 Bxc6 29. Rxf5 Bd8 30. Rf4 Bg5 31. Rb4 Bd7 32. Rb8+ Kg7 33. Qc5 Bf6 34. Rh8 Qd3 35. h3 Qb1+ 36. Kh2 Qe1 37. Qf8+ Kg6 38. Rg8+ Kf5 39. Qc5+ Ke6 40. Qc4+ Ke7 41. Qf4 Ke6 42. Qe4+ Kd6 43. Qf3 Ke6 44. Ra8 Qa5 45. Qg4+ Kd6 46. Qf4+ Ke6 47. Qe4+ Be5 48. Rg8 Qxa4 49. Qxa4 1/2-1/2

[Event "IECG WC.2004.S.00002 email"]
[Site "IECG email"]
[Date "2002.05.08"]
[Round "?"]
[White "Perez, Giorgio"]
[Black "Bourquin, Pascal"]
[Result "0-1"]
[WhiteElo "1907"]
[BlackElo "2364"]
[PlyCount "84"]
[EventDate "2002.05.08"]
[EventType "tourn (corr)"]
[EventRounds "8"]
[SourceTitle "Corr 2008"]
[Source "ChessBase"]
[SourceDate "2008.06.24"]
[SourceVersion "1"]
[SourceVersionDate "2008.06.24"]
[SourceQuality "1"]

1. e4 d5 2. exd5 Nf6 3. d4 Bg4 4. f3 Bf5 5. Bb5+ Nbd7 6. c4 e6 7. dxe6 Bxe6 8. d5 Bf5 9. Nc3 Bb4 10. Qe2+ Kf8 11. g4 Bg6 12. Be3 Nc5 13. 0-0-0 Qd6 14. h4 a6 15. h5 axb5 16. hxg6 Bxc3 17. bxc3 fxg6 18. Nh3 Na4 19. Bd4 bxc4 20. Qxc4 Qa3+ 21. Kd2 b5 22. Qb3 Qb2+ 23. Qxb2 Nxb2 24. Rb1 Rxa2 25. Nf4 Kf7 26. g5 Nc4+ 27. Kc1 Nh5 28. Nxh5 gxh5 29. Rxb5 Rd8 30. f4 Na3 31. Rb7 Ra1+ 32. Kb2 Rxh1 33. Rxc7+ Ke8 34. Kxa3 Rb1 35. Ka2 Rb5 36. Ra7 Rdxd5 37. Rxg7 Rd7 38. Rg8+ Kf7 39. Rh8 Ke6 40. Rf8 Rdb7 41. Rf6+ Kd5 42. Rf5+ Ke4 0-1

[Event "IECG CP.1998.F.00002"]
[Site "IECG email"]
[Date "2001.10.01"]
[Round "?"]
[White "Bourquin, Pascal"]
[Black "Efendiyev, Enver Mikhailovich"]
[Result "1-0"]
[WhiteElo "2344"]
[BlackElo "2344"]
[PlyCount "91"]
[EventDate "2001.10.01"]
[EventType "tourn (corr)"]
[EventRounds "6"]
[SourceTitle "Corr 2008"]
[Source "ChessBase"]
[SourceDate "2008.06.24"]
[SourceVersion "1"]
[SourceVersionDate "2008.06.24"]
[SourceQuality "1"]

1. c4 Nf6 2. g3 e5 3. Bg2 c6 4. d4 e4 5. Nc3 d5 6. cxd5 cxd5 7. Bg5 Bb4 8. Rc1 Nc6 9. Nh3 h6 10. Bxf6 Qxf6 11. Nf4 Qd6 12. Qb3 Be6 13. e3 Na5 14. Qd1 Rc8 15. Nxe6 Qxe6 16. Qa4+ Nc6 17. 0-0 0-0 18. a3 Ba5 19. b4 Bb6 20. Qb5 Ne7 21. Na4 Rxc1 22. Rxc1 Rc8 23. Rxc8+ Nxc8 24. Nc3 Qc6 25. Qxc6 bxc6 26. Bh3 Ne7 27. Bd7 Bc7 28. Na4 g5 29. g4 Bd6 30. Kg2 Kg7 31. h3 Kg6 32. Nc5 Kf6 33. Nb7 Bc7 34. f3 exf3+ 35. Kxf3 Kg6 36. e4 dxe4+ 37. Kxe4 Kf6 38. Na5 Bf4 39. Kd3 Bc1 40. a4 Bf4 41. Bxc6 Bc7 42. Be4 Bxa5 43. bxa5 Ke6 44. Kc4 Kd6 45. Kb5 Kc7 46. Kc5 1-0

[Event "IECG WC.2003.S.00003 email"]
[Site "IECG email"]
[Date "2001.04.01"]
[Round "?"]
[White "Bourquin, Pascal"]
[Black "Schrancz, Istvan"]
[Result "1/2-1/2"]
[WhiteElo "2350"]
[BlackElo "2433"]
[PlyCount "46"]
[EventDate "2001.04.01"]
[EventType "tourn (corr)"]
[EventRounds "8"]
[SourceTitle "Corr 2008"]
[Source "ChessBase"]
[SourceDate "2008.06.24"]
[SourceVersion "1"]
[SourceVersionDate "2008.06.24"]
[SourceQuality "1"]

1. c4 Nf6 2. g3 c5 3. Bg2 d5 4. cxd5 Nxd5 5. Nc3 Nc7 6. Nf3 Nc6 7. 0-0 e5 8. Ne1 Bg4 9. Bxc6+ bxc6 10. Qa4 Qd7 11. Nd3 f6 12. f4 Qd4+ 13. Rf2 Qxa4 14. Nxa4 c4 15. Ndc5 Ne6 16. Nxe6 Bxe6 17. fxe5 fxe5 18. d3 cxd3 19. exd3 0-0-0 20. Be3 Rxd3 21. Bxa7 Bd6 22. Nc5 Bxc5 23. Bxc5 Rhd8 1/2-1/2

[Event "IECG WC.2003.S.00003 email"]
[Site "IECG email"]
[Date "2001.04.01"]
[Round "?"]
[White "Utesch, Wolfgang"]
[Black "Bourquin, Pascal"]
[Result "1/2-1/2"]
[WhiteElo "1932"]
[BlackElo "2350"]
[PlyCount "57"]
[EventDate "2001.04.01"]
[EventType "tourn (corr)"]
[EventRounds "8"]
[SourceTitle "Corr 2008"]
[Source "ChessBase"]
[SourceDate "2008.06.24"]
[SourceVersion "1"]
[SourceVersionDate "2008.06.24"]
[SourceQuality "1"]

1. d4 Nf6 2. c4 c5 3. d5 b5 4. cxb5 a6 5. bxa6 g6 6. Nc3 Bxa6 7. g3 d6 8. Nf3 Bg7 9. Bh3 Nbd7 10. 0-0 Nb6 11. Re1 0-0 12. e4 Nfd7 13. Qc2 Nc4 14. Bxd7 Qxd7 15. b3 Nb6 16. Bb2 e6 17. Rad1 Bb7 18. a4 Qd8 19. Qd2 Qf6 20. Nh4 exd5 21. Nxd5 Qxb2 22. Qxb2 Bxb2 23. Nxb6 Ra6 24. Nc4 Bc3 25. Re2 Rd8 26. Nf3 d5 27. exd5 Rxd5 28. Rxd5 Bxd5 29. Re3 1/2-1/2

[Event "IECG CP.1998.S.00001"]
[Site "IECG email"]
[Date "2000.10.01"]
[Round "?"]
[White "Bourquin, Pascal"]
[Black "Kharitonov, Aleksandr Alekseevi"]
[Result "1/2-1/2"]
[WhiteElo "2351"]
[BlackElo "2032"]
[PlyCount "42"]
[EventDate "2000.10.01"]
[EventType "tourn (corr)"]
[EventRounds "6"]
[EventCountry "FRA"]
[SourceTitle "Corr 2008"]
[Source "ChessBase"]
[SourceDate "2008.06.24"]
[SourceVersion "1"]
[SourceVersionDate "2008.06.24"]
[SourceQuality "1"]

1. Nf3 Nf6 2. c4 e6 3. Nc3 Bb4 4. Qc2 0-0 5. a3 Bxc3 6. Qxc3 b6 7. d4 c5 8. dxc5 bxc5 9. Bg5 Nc6 10. e3 h6 11. Bxf6 Qxf6 12. Qxf6 gxf6 13. Nd2 f5 14. 0-0-0 Rb8 15. e4 Nd4 16. exf5 Bb7 17. Bd3 exf5 18. Rde1 a5 19. Re3 Kh8 20. Rg1 Rfe8 21. g3 Re6 1/2-1/2

[Event "IECG CP.1998.S.00001"]
[Site "IECG email"]
[Date "2000.10.01"]
[Round "?"]
[White "Bourquin, Pascal"]
[Black "Lund, Jens Dahlen"]
[Result "1-0"]
[WhiteElo "2351"]
[BlackElo "2216"]
[PlyCount "43"]
[EventDate "2000.10.01"]
[EventType "tourn (corr)"]
[EventRounds "6"]
[EventCountry "FRA"]
[SourceTitle "Corr 2008"]
[Source "ChessBase"]
[SourceDate "2008.06.24"]
[SourceVersion "1"]
[SourceVersionDate "2008.06.24"]
[SourceQuality "1"]

1. Nf3 Nf6 2. c4 c5 3. Nc3 Nc6 4. g3 b6 5. Bg2 Bb7 6. 0-0 e6 7. e4 e5 8. d3 g6 9. Nh4 Bg7 10. f4 exf4 11. Bxf4 d6 12. Qd2 h6 13. Nd5 Nxd5 14. exd5 Ne5 15. Rae1 Qc7 16. Bh3 a6 17. b4 Rb8 18. Nf3 Kd8 19. bxc5 bxc5 20. Bxe5 dxe5 21. d4 cxd4 22. Nxd4 1-0

[Event "IECG CP.1998.S.00001"]
[Site "IECG email"]
[Date "2000.10.01"]
[Round "?"]
[White "Bourquin, Pascal"]
[Black "Noire, Eric"]
[Result "1/2-1/2"]
[WhiteElo "2351"]
[BlackElo "2144"]
[PlyCount "65"]
[EventDate "2000.10.01"]
[EventType "tourn (corr)"]
[EventRounds "6"]
[EventCountry "FRA"]
[SourceTitle "Corr 2008"]
[Source "ChessBase"]
[SourceDate "2008.06.24"]
[SourceVersion "1"]
[SourceVersionDate "2008.06.24"]
[SourceQuality "1"]

1. Nf3 d5 2. d4 c5 3. c4 e6 4. cxd5 exd5 5. Nc3 Nc6 6. g3 Nf6 7. Bg2 Be7 8. 0-0 0-0 9. Bg5 c4 10. Ne5 Be6 11. Nxc6 bxc6 12. b3 Qa5 13. Na4 Rfd8 14. e3 c5 15. Bxf6 gxf6 16. dxc5 Bxc5 17. Nxc5 Qxc5 18. Qh5 Rac8 19. Rfd1 c3 20. Rac1 c2 21. Rd2 Qc3 22. Rdxc2 Qxc2 23. Rxc2 Rxc2 24. h4 Rxa2 25. Qh6 Rc8 26. Qxf6 Rc1+ 27. Kh2 Rcc2 28. Qd8+ Kg7 29. Qg5+ Kf8 30. Qd8+ Kg7 31. Qg5+ Kf8 32. Qd8+ Kg7 33. Qg5+ 1/2-1/2

[Event "IECG WC.2002.S.00004 email"]
[Site "IECG email"]
[Date "2000.??.??"]
[Round "?"]
[White "Bourquin, Pascal"]
[Black "Emonot, Philippe"]
[Result "1-0"]
[WhiteElo "2360"]
[BlackElo "2091"]
[PlyCount "63"]
[EventDate "2000.03.10"]
[EventType "tourn (corr)"]
[EventRounds "8"]
[SourceTitle "Corr 2008"]
[Source "ChessBase"]
[SourceDate "2008.06.24"]
[SourceVersion "1"]
[SourceVersionDate "2008.06.24"]
[SourceQuality "1"]

1. c4 Nf6 2. g3 e5 3. Bg2 Nc6 4. Nc3 Bc5 5. a3 a5 6. e3 d6 7. Nge2 0-0 8. 0-0 Bb6 9. d3 Be6 10. Nd5 Bxd5 11. cxd5 Ne7 12. Nc3 c6 13. dxc6 bxc6 14. d4 exd4 15. exd4 h6 16. Be3 Qd7 17. Qa4 d5 18. Rac1 Qb7 19. Bh3 Bc7 20. Qc2 Rab8 21. Na4 Rfe8 22. Rfe1 Bd6 23. f3 Nd7 24. Qc3 Qa7 25. Nc5 Nf6 26. b3 Ng6 27. Bf2 Qb6 28. Rxe8+ Rxe8 29. Bf5 Ne7 30. Bc2 Ng6 31. Bd3 Nf8 32. Kg2 1-0

[Event "IECG WC.2002.S.00004 email"]
[Site "IECG email"]
[Date "2000.??.??"]
[Round "?"]
[White "Makovsky, Petr"]
[Black "Bourquin, Pascal"]
[Result "1/2-1/2"]
[WhiteElo "2309"]
[BlackElo "2360"]
[PlyCount "63"]
[EventDate "2000.03.10"]
[EventType "tourn (corr)"]
[EventRounds "8"]
[SourceTitle "Corr 2008"]
[Source "ChessBase"]
[SourceDate "2008.06.24"]
[SourceVersion "1"]
[SourceVersionDate "2008.06.24"]
[SourceQuality "1"]

1. e4 c5 2. c3 Nf6 3. e5 Nd5 4. d4 cxd4 5. Nf3 e6 6. cxd4 b6 7. Nc3 Nxc3 8. bxc3 Qc7 9. Bd2 Bb7 10. Bd3 d6 11. 0-0 Nd7 12. Re1 dxe5 13. Nxe5 Nxe5 14. Rxe5 Bd6 15. Bb5+ Kf8 16. Rh5 g6 17. Bh6+ Kg8 18. Qd2 a6 19. Bf1 f6 20. Rh3 Kf7 21. c4 Rad8 22. Qe3 Rhe8 23. c5 bxc5 24. dxc5 Qxc5 25. Qxc5 Bxc5 26. Be3 Be7 27. Rxh7+ Kg8 28. Rh4 a5 29. Bb5 Rf8 30. Bb6 Ra8 31. Bc4 Bd5 32. Bxd5 1/2-1/2

[Event "IECG CP.1998.Q.00005"]
[Site "IECG email"]
[Date "1999.??.??"]
[Round "?"]
[White "Noire, Eric"]
[Black "Bourquin, Pascal"]
[Result "0-1"]
[WhiteElo "2183"]
[BlackElo "2371"]
[PlyCount "88"]
[EventDate "1999.10.01"]
[EventType "tourn (corr)"]
[EventRounds "8"]
[EventCountry "USA"]
[SourceTitle "Corr 2008"]
[Source "ChessBase"]
[SourceDate "2008.06.24"]
[SourceVersion "1"]
[SourceVersionDate "2008.06.24"]
[SourceQuality "1"]

1. e4 c5 2. a3 Nc6 3. b4 cxb4 4. axb4 Nxb4 5. c3 Nc6 6. d4 d5 7. e5 g6 8. Bd3 Bg7 9. Ne2 f6 10. f4 Nh6 11. Nd2 0-0 12. Nf3 Bf5 13. 0-0 Qd7 14. Bb5 a6 15. Ba4 b5 16. Bb3 a5 17. Ng3 fxe5 18. Nxe5 Nxe5 19. Nxf5 Nxf5 20. fxe5 e6 21. Rf3 Qc7 22. Ba3 b4 23. cxb4 Nxd4 24. Rxf8+ Rxf8 25. bxa5 Nxb3 26. Bxf8 Nxa1 27. Bxg7 Nc2 28. Bh6 Qxa5 29. Bd2 Qa7+ 30. Kh1 Qa1 31. Qxa1 Nxa1 32. Kg1 Nb3 33. Bb4 Nd4 34. Kf2 Nc6 35. Bc3 Kf8 36. Ke3 Ke8 37. Bb2 Kd7 38. h4 Kc7 39. Kf4 d4 40. Ke4 Kb6 41. Bxd4+ Nxd4 42. Kxd4 Kb5 43. Ke4 Kc4 44. Kf4 h6 0-1